=LDR 00000nam 2200000 4500 =001 INLIS000000000022708 =005 20130612121435 =008 ***********************************ind** =035 ##$$0010-061300000022708 =041 ##$$a ind =082 ##$$a 005.369 =090 ##$$a 005.369, PER t =100 ##$$a Permana, Budi =245 ##$$a 36 jam belajar komputer Microsoft Windows 98, Budi Permana =260 ##$$a 2001 $b Jakarta =300 ##$$a xii, 312 hlm., ilus., 23 cm =650 ##$$a istem Operasi =650 ##$$a Microsoft Windows 98 =850 ##$$a NBPNMAT